LEADER 00921nam0 22002531i 450 001 UON00106182 005 20231205102616.110 100 $a20020107d1964 |0itac50 ba 101 $amay 102 $aMY 105 $a|||| 1|||| 200 1 $a'Adat raja-raja Melayu$fTardjan Hadidjaja 210 $aKuala Lumpur$cPenerbitan Pustaka Antara$d1964 215 $aIX, 117 p.$d18 cm 620 $aMY$dKuala Lumpur$3UONL000249 686 $aMAL XV$cMALESIA - DIRITTO$2A 700 1$aHADIDJAJA$bTardjan$3UONV035900$0653376 712 $aPustaka Antara$3UONV249302$4650 801 $aIT$bSOL$c20240220$gRICA 899 $aSIBA - SISTEMA BIBLIOTECARIO DI ATENEO$2UONSI 912 $aUON00106182 950 $aSIBA - SISTEMA BIBLIOTECARIO DI ATENEO$dSI MAL XV 002 N $eSI IND89 5 002 N 996 $aAdat raja-raja Melayu$91306188 997 $aUNIOR